Statystyki dla Stacje Warszawskiego Metra

Kliknij tutaj aby rozwiązać quiz!

Ogólne statystyki

  • Ten quiz został rozwiązany 215 razy
    (141 od ostatniego zresetowania)
  • Średni wynik to 31 z 39

Statystyki odpowiedzi

LpStacje M1% Poprawnych
1Kabaty
96%
21Młociny
94%
12Centrum
88%
13Świętokrzyska
88%
14Ratusz Arsenał
87%
11Politechnika
86%
3Imielin
85%
10Pole Mokotowskie
85%
15Dworzec Gdański
84%
9Racławicka
84%
19Stare Bielany
84%
20Wawrzyszew
84%
2Natolin
83%
5Ursynów
82%
7Wilanowska
82%
1Bemowo
81%
17Marymont
81%
16Plac Wilsona
80%
6Służew
78%
4Stokłosy
78%
8Świętokrzyska
78%
8Wierzbno
78%
10Centrum Nauki Kopernik
77%
3Księcia Janusza
77%
7Rondo ONZ
77%
18Słodowiec
77%
9Nowy Świat Uniwersytet
76%
11Stadion Narodowy
76%
12Dworzec Wileński
75%
18Bródno
74%
6Rondo Daszyńskiego
74%
5Płocka
72%
4Młynów
68%
14Targówek Mieszkaniowy
68%
15Trocka
68%
2Ulrychów
68%
13Szwedzka
67%
17Kondratowicza
61%
16Zacisze
59%

Rozkład punktacji

Percentyl według liczby udzielonych odpowiedzi

Procent ludzi z każdym wynikiem

Twoja historia wyników

Nie rozwiązałeś tego quizu od ostatniego zresetowania